| 000 | 00817nam a2200229 i 4500 | ||
|---|---|---|---|
| 001 | 69449 | ||
| 003 | ES-MaACL | ||
| 005 | 20250816062531.0 | ||
| 007 | t| | ||
| 008 | 040706s1976 sp ||||1| spa d | ||
| 100 | 0 |
_aGarcía Cárcel, Ricardo, _d1948- _954339 |
|
| 245 | 1 | 0 |
_aOrígenes de la inquisición española _b: el tribunal de Valencia : 1478-1530 / _cRicardo García Cárcel ; prólogo de Henry Kamen. |
| 250 | _a[1ª ed.]. | ||
| 260 |
_a[Barcelona] : _bPenínsula, _c[1976] |
||
| 300 |
_a306 p. ; _c20 cm. |
||
| 490 | 1 |
_aHistoria, ciencia, sociedad ; _v132 |
|
| 650 | 4 |
_aInquisición- _zEspaña- _vHistoria. _913799 |
|
| 700 | 1 |
_aKamen, Henry. _967471 |
|
| 830 | 0 | 0 |
_aHistoria, ciencia, sociedad (Península) _v132 _9177444 |
| 852 |
_aES-MaACL _jA-6357 _bR.95077 |
||
| 999 |
_c69449 _d69449 |
||